000 01144 a2200205 4500
001 29063
005 20260407155559.0
008 260407a1982 arg spa d
003 AR-UNSa-BCEJYS
040 _aAR-UNSa-BCEJYS
_bspa
_cAR-UNSa-BCEJYS
080 _a657
_xContabilidad
245 1 0 _aTratado de normas, doctrina y prácticas contables
264 1 _aBuenos Aires :
_bEdiciones Contabilidad Moderna
_c1982
300 _a2 v. (611- 620; 116 p.)
_c24 cm.
505 _aTomo I: 1. Lineamientos de los modelos contables de valuación - 2. Normas contables sobre valuación - 3. Normas contables sobre exposición - 4. Criterios de valuación y exposición de activos y pasivos - 5. Métodos integrales de ajuste por inflación - Tomo II: 6. Métodos simplificativos de ajuste por inflación - 7. Revalúos técnicos y activación de gastos financieros - 8. Reformulación de los PCGA.
942 _cBK
590 _aniveau_biblio:m niveau_hierar:0
100 1 _aSenderovich, Isaac Aizik
856 4 1 _uhttps://biblioeco.unsa.edu.ar/pmb/images/libros/Tratado de normas, doctrina y pr?cticas contables-l39040.jpg
_yImagen de portada
_qimage/jpeg
999 _c1792
_d1792